| 000 | 01823nam a2200385 a 4500 | ||
|---|---|---|---|
| 001 | ebr10752386 | ||
| 003 | CaPaEBR | ||
| 006 | m o u | ||
| 007 | cr cn||||||||| | ||
| 008 | 130129s2013 ja abd sb 001 0 eng d | ||
| 010 | _z 2013002399 | ||
| 020 | _z9789280812213 (pbk.) | ||
| 020 | _z9789280871906 (e-book) | ||
| 040 |
_aCaPaEBR _cCaPaEBR |
||
| 035 | _a(OCoLC)868951066 | ||
| 050 | 1 | 4 |
_aGF85 _b.R65 2013eb |
| 082 | 0 | 4 |
_a363.34/72 _223 |
| 245 | 0 | 4 |
_aThe role of ecosystems in disaster risk reduction _h[electronic resource] / _cedited by Fabrice G. Renaud, Karen Sudmeier-Rieux and Marisol Estrella. |
| 260 |
_aShibuya-ku, Tokyo : _bUnited Nations University Press, _c2013. |
||
| 300 |
_axxxiv, 476 p. : _bill., maps. |
||
| 504 | _aIncludes bibliographical references and index. | ||
| 505 | 0 | _apt. I. Why do ecosystems matter in disaster risk reduction? -- pt. II. Ecosystems and coastal disaster risk reduction -- pt. III. Water resources management for disaster risk reduction -- pt. IV. Sustainable land management for disaster risk reduction -- pt. V. Policy, planning and future perspectives. | |
| 533 |
_aElectronic reproduction. _bPalo Alto, Calif. : _cebrary, _d2013. _nAvailable via World Wide Web. _nAccess may be limited to ebrary affiliated libraries. |
||
| 650 | 0 | _aHazardous geographic environments. | |
| 650 | 0 |
_aNatural disasters _xEnvironmental aspects. |
|
| 650 | 0 | _aEcosystem management. | |
| 650 | 0 | _aEmergency management. | |
| 650 | 0 | _aEcological disturbances. | |
| 655 | 7 |
_aElectronic books. _2local |
|
| 700 | 1 | _aRenaud, Fabrice G. | |
| 700 | 1 | _aSudmeier-Rieux, Karen. | |
| 700 | 1 | _aEstrella, Marisol. | |
| 710 | 2 | _aebrary, Inc. | |
| 856 | 4 | 0 |
_uhttp://site.ebrary.com/lib/rucke/Doc?id=10752386 _zAn electronic book accessible through the World Wide Web; click to view |
| 999 |
_c216500 _d216500 |
||